Normal view MARC view
  • Churchill, Ruel V

Entry Corporate Name

Number of records used in: 1

001 - CONTROL NUMBER

  • control field: 112433

003 - CONTROL NUMBER IDENTIFIER

  • control field: NUST

005 - DATE AND TIME OF LATEST TRANSACTION

  • control field: 20230518105816.0

008 - FIXED-LENGTH DATA ELEMENTS

  • fixed length control field: 230518|| aca||aabn | a|a d

040 ## - CATALOGING SOURCE

  • Original cataloging agency: NUST
  • Transcribing agency: NUST

110 ## - HEADING--CORPORATE NAME

  • Corporate name or jurisdiction name as entry element: Churchill, Ruel V

670 ## - SOURCE DATA FOUND

  • Source citation: Work cat.: (NUST): Brown, James Ward 8852, Fourier Series and Boundary Value Problems, 2012.
© 2023 Central Library, National University of Sciences and Technology. All Rights Reserved.